Исследование закономерностей протекания процесса окислительной конденсации метана на катализаторе Sr/La[2]O[3]; Перспективы развития фундаментальных наук; Т. 2 : Химия

Détails bibliographiques
Parent link:Перспективы развития фундаментальных наук=Prospects of Fundamental Sciences Development: сборник научных трудов XV Международной конференции студентов, аспирантов и молодых ученых, г. Томск, 24-27 апреля 2018 г./ Национальный исследовательский Томский политехнический университет (ТПУ) ; под ред. И. А. Курзиной, Г. А. Вороновой.— , 2018
Т. 2 : Химия.— 2018.— [С. 246-248]
Auteur principal: Петров Р. В.
Collectivité auteur: Российская академия наук (РАН) Сибирское отделение (СО) Институт катализа им. Г. К. Борескова (ИК)
Autres auteurs: Решетников С. И. (научный руководитель)
Résumé:Заглавие с экрана
Based on experimental data obtained at low conversions over Sr/La[2]O[3] catalyst, the scheme of the methane conversion into COx and C[2]-hydrocarbons was clarified. It is shown that the formation of these products occurs by parallel routes.
Langue:russe
Publié: 2018
Sujets:
Accès en ligne:http://earchive.tpu.ru/handle/11683/50781
Format: Électronique Chapitre de livre
KOHA link:https://koha.lib.tpu.ru/cgi-bin/koha/opac-detail.pl?biblionumber=627556

MARC

LEADER 00000naa2a2200000 4500
001 627556
005 20231101133452.0
035 |a (RuTPU)RU\TPU\conf\27451 
035 |a RU\TPU\conf\27450 
090 |a 627556 
100 |a 20180912d2018 k y0rusy50 ca 
101 0 |a rus  |d eng 
102 |a RU 
105 |a y z 100zy 
135 |a drgn ---uucaa 
181 0 |a i  
182 0 |a b 
200 1 |a Исследование закономерностей протекания процесса окислительной конденсации метана на катализаторе Sr/La[2]O[3]  |d Study of regularities of oxidative methane coupling over Sr/La[2]O[3] catalyst  |f Р. В. Петров, С. И. Решетников  |g науч. рук. С. И. Решетников 
203 |a Текст  |c электронный 
230 |a 1 компьютерный файл (pdf; 202 Kb) 
300 |a Заглавие с экрана 
320 |a [Библиогр.: с. 248 (6 назв.)] 
330 |a Based on experimental data obtained at low conversions over Sr/La[2]O[3] catalyst, the scheme of the methane conversion into COx and C[2]-hydrocarbons was clarified. It is shown that the formation of these products occurs by parallel routes. 
461 1 |0 (RuTPU)RU\TPU\conf\26928  |t Перспективы развития фундаментальных наук  |l Prospects of Fundamental Sciences Development  |o сборник научных трудов XV Международной конференции студентов, аспирантов и молодых ученых, г. Томск, 24-27 апреля 2018 г.  |o в 7 т.  |f Национальный исследовательский Томский политехнический университет (ТПУ) ; под ред. И. А. Курзиной, Г. А. Вороновой  |d 2018 
463 1 |0 (RuTPU)RU\TPU\conf\26930  |t Т. 2 : Химия  |v [С. 246-248]  |d 2018 
510 1 |a Study of regularities of oxidative methane coupling over Sr/La[2]O[3] catalyst  |z eng 
610 1 |a электронный ресурс 
610 1 |a исследования 
610 1 |a закономерности 
610 1 |a окислительная конденсация 
610 1 |a метан 
610 1 |a катализаторы 
610 1 |a температура 
700 1 |a Петров  |b Р. В. 
701 1 |a Решетников  |b С. И. 
702 1 |a Решетников  |b С. И.  |4 727 
712 0 2 |a Российская академия наук (РАН)  |b Сибирское отделение (СО)  |b Институт катализа им. Г. К. Борескова (ИК)  |c (Новосибирск)  |2 stltpush  |3 (RuTPU)RU\TPU\col\325 
801 2 |a RU  |b 63413507  |c 20181005  |g RCR 
856 4 |u http://earchive.tpu.ru/handle/11683/50781 
942 |c BK